| 000 | 00918nam a22002537a 4500 | ||
|---|---|---|---|
| 999 |
_c15727 _d15727 |
||
| 003 | MIRAKIL | ||
| 005 | 20240321143426.0 | ||
| 008 | 240321b tu ||||| |||| 00| 0 tur d | ||
| 020 | _a9789751745309 | ||
| 040 |
_aTR-AnCHP _cTR-AnCHP |
||
| 041 | _atur | ||
| 082 |
_a616.2103 _bA12a 2020 |
||
| 100 | _aAcartürk, Esmeray Barın | ||
| 245 | 1 | 0 |
_aAçıklamalı yürek bilimi terimleri sözlüğü / _cEsmeray Barın Acartürk. |
| 260 |
_aAnkara : _bTürk Dil Kurumu, _c2020. |
||
| 300 |
_a460 sayfa ; _c24 cm. |
||
| 490 | 0 |
_aAtatürk Kültür, Dil ve Tarih Yüksek Kurumu Türk Dil Kurumu yayınları ; _v1327. |
|
| 490 | 0 |
_aTerim Sözlükleri dizisi ; _v12. |
|
| 500 | _aEser Türkçe, İngilizce metin içerir | ||
| 504 | _aKaynakça: 13-16. sayfa | ||
| 650 | 0 |
_97768 _aSözlükler _xTıp |
|
| 856 | _zDijital Nüshası için Partimizin Kütüphane Sorumlusu ile iletişime geçiniz. | ||
| 942 |
_2ddc _cBKS |
||